Dichos de los siete sabios de Grecia (Record no. 18032)

MARC details
000 -LEADER
campo de control de longitud fija 01029nam a2200289 i 4500
001 - NÚMERO DE CONTROL
campo de control 18032
003 - IDENTIFICADOR DE NÚMERO DE CONTROL
campo de control ES-MaACL
005 - FECHA Y HORA DE LA ÚLTIMA TRANSACCIÓN
campo de control 20230906151737.0
007 - CAMPO FIJO DE DESCRIPCIÓN FÍSICA--INFORMACIÓN GENERAL
campo de control de longitud fija t|
008 - DATOS DE LONGITUD FIJA--INFORMACIÓN GENERAL
campo de control de longitud fija 010731s1991 sp ||||0| spa d
016 7# - NÚMERO DE CONTROL DE UNA AGENCIA BIBLIOGRÁFICA NACIONAL
Número de control cancelado/no válido CEN920157743
020 ## - NÚMERO INTERNACIONAL ESTÁNDAR DEL LIBRO
Número Internacional Estándar del Libro 84-249-1462-7
040 ## - FUENTE DE CATALOGACIÓN
Centro catalogador/agencia de origen M-BN
Lengua de catalogación spa
Centro/agencia transcriptor CEN
080 ## - NÚMERO DE LA CLASIFICACIÓN DECIMAL UNIVERSAL
Número de la Clasificación Decimal Universal 398.9
245 00 - MENCIÓN DEL TÍTULO
Título Dichos de los siete sabios de Grecia
Resto del título : sentencias morales en verso /
Mención de responsabilidad, etc. edición, estudio y materiales por Alvaro Galmés de Fuentes.
260 ## - PUBLICACIÓN, DISTRIBUCIÓN, ETC.
Lugar de publicación, distribución, etc. Madrid :
Nombre del editor, distribuidor, etc. Gredos,
Fecha de publicación, distribución, etc. D.L. 1991.
300 ## - DESCRIPCIÓN FÍSICA
Extensión 182 p. ;
Dimensiones 19 cm.
490 1# - MENCIÓN DE SERIE
Mención de serie Colección de literatura española aljamiado-morisca ;
Designación de volumen o secuencia 8
500 ## - NOTA GENERAL
Nota general Glosario : p. 101-113.
500 ## - NOTA GENERAL
Nota general Precede al tít. : Literatura gnómica.
504 ## - NOTA DE BIBLIOGRAFÍA, ETC.
Nota de bibliografía, etc. Bibliografía : p. 151-174.
650 #4 - PUNTO DE ACCESO ADICIONAL DE MATERIA--TÉRMINO DE MATERIA
Término de materia o nombre geográfico como elemento de entrada Refranes y proverbios-
Subdivisión de forma Obras anteriores a 1800.
9 (RLIN) 16730
700 1# - ENTRADA AGREGADA--NOMBRE PERSONAL
Nombre de persona Galmés de Fuentes, Alvaro.
9 (RLIN) 53660
830 0# - PUNTO DE ACCESO ADICIONAL DE SERIE-TÍTULO UNIFORME
Título uniforme Colección de literatura española aljamiado-morisca ;
Designación de volumen o secuencia 8
9 (RLIN) 180235
852 ## - LOCALIZACIÓN
Ubicación ES-MaACL
Número de control de estantería L-24755
Sublocalización o colección R.130069
Holdings
Estatus retirado Estado de pérdida Estado de daño No para préstamo Biblioteca de origen Biblioteca actual Ubicación en estantería Fecha de adquisición Fuente de adquisición Total de préstamos Signatura topográfica completa Código de barras Visto por última vez Precio de reemplazo Tipo de ítem Koha
        Biblioteca del Ateneo de Madrid Biblioteca del Ateneo de Madrid Depósito 2 17/01/2008     L-24755 1018424 23/02/2023 23/02/2023 Libro impreso